000 00740nab a2200229u 4500
001 15433
003 HDC
007 c| |||a|c|aaaa
008 210217b20130724my ||||| |||| 00| 0 may d
040 _aHDC
245 0 _aJAIPk serbu hotel, restoran tanpa logo halal di Perak
336 _atext
_2rdacontent
337 _acomputer
_2rdamedia
338 _aonline resource
_2rdacarrier
650 _ahalal logo
_91692
650 _aJabatan Agama Islam Perak (JAIPk)
_915639
710 _aBERITA HARIAN
856 _zRequest full-text at [email protected]
942 _2lcc
942 _cNEWS
942 _kNWSC 003707
999 _c12749
_d12749